| 000 | 01049nam a2200301 4500 | ||
|---|---|---|---|
| 003 | EC-UNACH | ||
| 005 | 20251118135825.0 | ||
| 006 | s||||gr|||| 00| 00 | ||
| 008 | 150116t9999 mx r gr 000 0 spa d | ||
| 020 | _a978-9942-01-150-3 | ||
| 040 |
_aEC-UNACH _cEC-UNACH |
||
| 041 | _aspa | ||
| 082 | 0 | 4 |
_223 _a615.1 _bL018343 |
| 110 | _aEditorial PLN, S.A | ||
| 245 | _aDiccionario de especialidades sistema nervioso central | ||
| 250 | _aSegunda edición | ||
| 264 |
_aEcuador _bEditorial PLN, S.A _c2008 |
||
| 300 | _a505 | ||
| 505 | _a- Artículos médicos - - Esclerosis lateral Amiotrófica - ELA - - Hemorragia subaracnoidea - - Síndrome de Guillan barre - - Demencia vascular - - Trastornos de sueño - - Índice terapéutico ATC - - Diccionario de productos | ||
| 650 | _aCLASIFICACIÓN DE LA PATOLOGÍA | ||
| 650 | _aNEUROPATALOGÍA | ||
| 650 | _aTRATAMIENTO | ||
| 700 | _aThomson PLM | ||
| 942 |
_2ddc _c1 |
||
| 999 | _c14199 | ||